|
|
|
|
| LEADER |
00000nab a2200000 ar4500 |
| 001 |
vtls009468168 |
| 003 |
SK-MaSNL |
| 005 |
20260303175039.0 |
| 008 |
090202c2009 xo mr|p|||||||000 b|slo |
| 038 |
|
|
|a PPPK
|
| 040 |
|
|
|a PPPKCL
|b slo
|c PPPKCL
|e AACR2
|
| 041 |
0 |
|
|a slo
|
| 044 |
|
|
|a xo
|c SK
|
| 080 |
|
|
|a 373.6:640.4
|2 2001
|
| 080 |
|
|
|a 69.059.7
|2 2001
|
| 100 |
1 |
|
|a Saturyová, Adriana
|4 aut
|9 641095
|
| 245 |
1 |
0 |
|a „Hotelovka" pristavila
|c [autor] T/F -AdriSatury-
|
| 300 |
|
|
|b Fotogr.
|
| 610 |
2 |
7 |
|a Hotelová akadémia Otta Brucknera (Kežmarok, Slovensko)
|2 pppkcl
|9 32584
|
| 648 |
|
7 |
|a 2008
|2 pppkcl
|9 317238
|
| 650 |
0 |
7 |
|a hotelové školy
|2 pppkcl
|9 1053499
|
| 650 |
0 |
7 |
|a rekonštrukcie
|2 pppkcl
|9 24616
|
| 651 |
|
7 |
|a Kežmarok (Slovensko)
|2 pppkcl
|9 26808
|
| 773 |
0 |
|
|t Kežmarok
|g Roč. XVI, č. 20 (2008), s. 7
|
| 852 |
|
|
|a PPPK
|b KIS3GCP
|
| 999 |
|
|
|c 2100102
|d 2102032
|